[Event "CCC 2021 IM"]
[Site "Ballerup"]
[Date "2021.08.07"]
[Round "6"]
[White "Thogersen, Rasmus"]
[Black "Sorensen, Hampus"]
[Result "0-1"]
[WhiteElo "2283"]
[BlackElo "2382"]
[PlyCount "76"]
[EventDate "2021.08.04"]
[EventType "tourn"]
[EventRounds "9"]
[EventCountry "DEN"]

1. e4 e5 2. Nf3 Nc6 3. d4 exd4 4. Nxd4 Bb4+ 5. c3 Bc5 6. Nxc6 bxc6 7. Bd3 Ne7
8. O-O O-O 9. Nd2 d6 10. Qh5 Ng6 11. Nf3 f6 12. Bc4+ Kh8 13. Nd4 Qe8 14. Re1
Ne5 15. Qxe8 Rxe8 16. Bf1 Bd7 17. h3 Bb6 18. Kh2 Rab8 19. Rb1 d5 20. Bd2 dxe4
21. Be3 h6 22. Red1 Rbd8 23. Rd2 c5 24. Nc2 Be6 25. b3 Rxd2 26. Bxd2 c4 27. Be3
cxb3 28. axb3 Rd8 29. Nd4 Bf7 30. b4 a5 31. Bf4 axb4 32. Rxb4 Nd3 33. Bxd3 exd3
34. Be3 Ba5 35. Nc6 Bxb4 36. Nxd8 Bd6+ 37. g3 Bd5 38. Kg1 Kg8 0-1

[Event "CCC 2021 IM"]
[Site "Ballerup"]
[Date "2021.08.07"]
[Round "6"]
[White "Akdag, Dara Sevkan"]
[Black "Brondt, Nicolai Kvist"]
[Result "1-0"]
[WhiteElo "2231"]
[BlackElo "2270"]
[PlyCount "109"]
[EventDate "2021.08.04"]
[EventType "tourn"]
[EventRounds "9"]
[EventCountry "DEN"]

1. f4 c5 2. Nf3 Nc6 3. b3 d6 4. Bb2 Nf6 5. g3 g6 6. Bg2 Bg7 7. O-O O-O 8. e3
Bd7 9. h3 b5 10. g4 a5 11. g5 Nh5 12. Bxg7 Nxg7 13. Nc3 Rb8 14. Nh4 f5 15. gxf6
exf6 16. d4 cxd4 17. exd4 Ne7 18. Qd2 Ngf5 19. Nf3 Bc6 20. Rfe1 Qb6 21. Rad1
Rbe8 22. Kh2 b4 23. Nb1 Qb7 24. Qf2 Nd5 25. Nh4 Nde3 26. d5 Nxd1 27. Rxd1 Bd7
28. Nd2 Ne3 29. Rg1 Nxg2 30. Qxg2 Bb5 31. Ne4 Rxe4 32. Qxe4 Re8 33. Qf5 Re2+
34. Kh1 Be8 35. Qd3 Qe7 36. Nf5 Qe4+ 37. Qxe4 Rxe4 38. Nxd6 Re3 39. Kg2 Bd7 40.
Kf2 Rxh3 41. Nc4 Rc3 42. Rc1 a4 43. Nb6 axb3 44. axb3 Bf5 45. d6 Rc6 46. Nc4
Kf7 47. Ra1 Ke8 48. Ra8+ Kd7 49. Ra7+ Kd8 50. Rf7 Bxc2 51. Rxf6 Rxc4 52. bxc4
b3 53. c5 Kd7 54. Rf7+ Kc6 55. Rc7+ 1-0

[Event "CCC 2021 IM"]
[Site "Ballerup"]
[Date "2021.08.07"]
[Round "6"]
[White "Jepson, Christian"]
[Black "Lindberg, Bengt"]
[Result "1/2-1/2"]
[WhiteElo "2389"]
[BlackElo "2376"]
[PlyCount "67"]
[EventDate "2021.08.04"]
[EventType "tourn"]
[EventRounds "9"]
[EventCountry "DEN"]

1. Nf3 Nf6 2. c4 e6 3. g3 d5 4. Bg2 Be7 5. O-O O-O 6. b3 a5 7. Nc3 c6 8. d4 Ne4
9. Bb2 f5 10. e3 Nd7 11. Qc2 Bd6 12. Ne2 Qf6 13. Nf4 Qh6 14. Ne5 g5 15. Nfd3
Qg7 16. f3 Nef6 17. Qe2 Re8 18. Rac1 Nf8 19. Rc2 Ng6 20. Nxg6 Qxg6 21. e4 Bf8
22. e5 Nh5 23. Bc1 Ng7 24. f4 g4 25. Bd2 Qf7 26. Rfc1 Qd7 27. Qf2 Qd8 28. h3 h5
29. h4 Qb6 30. Nb2 Qa7 31. c5 Be7 32. Na4 Bd8 33. Bf1 Bd7 34. Be2 1/2-1/2

[Event "CCC 2021 IM"]
[Site "Ballerup"]
[Date "2021.08.07"]
[Round "6"]
[White "Kistrup, Nicolai"]
[Black "Ramsdal, Jens Albert"]
[Result "0-1"]
[WhiteElo "2250"]
[BlackElo "2253"]
[PlyCount "138"]
[EventDate "2021.08.04"]
[EventType "tourn"]
[EventRounds "9"]
[EventCountry "DEN"]

1. d4 Nf6 2. c4 g6 3. Nc3 d5 4. cxd5 Nxd5 5. e4 Nxc3 6. bxc3 Bg7 7. Nf3 c5 8.
Be3 Qa5 9. Nd2 b6 10. Rc1 O-O 11. Bd3 Ba6 12. Bxa6 Qxa6 13. Qb3 Nc6 14. d5 Na5
15. Qc2 e6 16. c4 f5 17. exf5 exf5 18. g3 g5 19. h4 Rae8 20. hxg5 Bd4 21. O-O
Bxe3 22. fxe3 Rxe3 23. Rxf5 Qc8 24. Rxf8+ Qxf8 25. Nf1 Re5 26. g6 h6 27. Rd1
Qf3 28. Rd3 Qf6 29. d6 Nc6 30. d7 Nd4 31. Qf2 Qxf2+ 32. Kxf2 Rf5+ 33. Kg2 Rf8
34. Nd2 Rd8 35. Ne4 Kg7 36. Nc3 Rxd7 37. Nd5 Kxg6 38. Re3 Kf7 39. Re5 Kg7 40.
Kh3 Nc6 41. Re4 Na5 42. Ne3 h5 43. Kh4 Kg6 44. Nd5 Kf5 45. Rf4+ Ke5 46. Kxh5
Rg7 47. Kh4 Nxc4 48. Nf6 Nd6 49. Ng4+ Ke6 50. Ne3 b5 51. g4 c4 52. g5 Rf7 53.
Kg4 b4 54. Rxf7 Kxf7 55. Kf4 b3 56. axb3 cxb3 57. Nd1 Nc4 58. Ke4 b2 59. Nc3
Nd2+ 60. Kd3 b1=Q+ 61. Nxb1 Nxb1 62. Kc4 Na3+ 63. Kc5 Kg6 64. Kb4 Nc2+ 65. Kc3
Ne3 66. Kd4 Nf5+ 67. Kc5 Ne7 68. Kb5 Kxg5 69. Ka6 Nc8 0-1

[Event "CCC 2021 IM"]
[Site "Ballerup"]
[Date "2021.08.07"]
[Round "6"]
[White "Sahl, Bjarke"]
[Black "Vesterli, Michael E"]
[Result "1-0"]
[WhiteElo "2335"]
[BlackElo "2207"]
[PlyCount "47"]
[EventDate "2021.08.04"]
[EventType "tourn"]
[EventRounds "9"]
[EventCountry "DEN"]

1. e4 c5 2. Nf3 Nc6 3. Nc3 e6 4. d4 cxd4 5. Nxd4 Nf6 6. Be2 Be7 7. O-O O-O 8.
Be3 a6 9. a4 Qc7 10. Kh1 Bb4 11. Bd3 Bxc3 12. bxc3 d5 13. f3 Na5 14. Qe1 dxe4
15. fxe4 Ng4 16. Bf4 e5 17. Bg3 Nh6 18. c4 f6 19. Qb4 Nf7 20. c5 Bd7 21. Nf5
Nc6 22. Qc3 Bxf5 23. exf5 Nd4 24. Qxd4 1-0

[Event "CCC 2021 IM"]
[Site "Ballerup"]
[Date "2021.08.07"]
[Round "7"]
[White "Ramsdal, Jens Albert"]
[Black "Thogersen, Rasmus"]
[Result "0-1"]
[WhiteElo "2253"]
[BlackElo "2283"]
[PlyCount "86"]
[EventDate "2021.08.04"]
[EventType "tourn"]
[EventRounds "9"]
[EventCountry "DEN"]

1. Nf3 c5 2. c4 Nf6 3. Nc3 d5 4. cxd5 Nxd5 5. d4 Nxc3 6. bxc3 g6 7. e4 Bg7 8.
Be3 Qa5 9. Qd2 O-O 10. Rc1 Bg4 11. d5 b5 12. Be2 Nd7 13. O-O Rac8 14. h3 Bxf3
15. Bxf3 Ne5 16. Be2 Qa4 17. Qc2 Qa5 18. f4 Nd7 19. Bg4 Rc7 20. Bxd7 Rxd7 21.
c4 Rb7 22. cxb5 Rxb5 23. a4 Rb2 24. Qxc5 Qxa4 25. Rc4 Qa2 26. Bf2 a5 27. e5 a4
28. Rfc1 g5 29. d6 exd6 30. exd6 a3 31. d7 Rd2 32. Qxg5 h6 33. Qg3 Rxd7 34. Bc5
Ra8 35. Bd4 Rxd4 36. Rxd4 Qb2 37. Rdc4 Qb6+ 38. Kh2 a2 39. Rc8+ Rxc8 40. Rxc8+
Kh7 41. Qd3+ Qg6 42. Qd8 Bf6 43. Qd7 a1=Q 0-1

[Event "CCC 2021 IM"]
[Site "Ballerup"]
[Date "2021.08.07"]
[Round "7"]
[White "Sorensen, Hampus"]
[Black "Akdag, Dara Sevkan"]
[Result "1-0"]
[WhiteElo "2382"]
[BlackElo "2231"]
[PlyCount "105"]
[EventDate "2021.08.04"]
[EventType "tourn"]
[EventRounds "9"]
[EventCountry "DEN"]

1. d4 Nf6 2. c4 c5 3. d5 e6 4. Nc3 exd5 5. cxd5 d6 6. e4 g6 7. Bd3 Bg7 8. h3
O-O 9. Nf3 Re8 10. O-O a6 11. a4 Nbd7 12. Re1 Ne5 13. Nxe5 Rxe5 14. Bf4 Re8 15.
Bh2 Nd7 16. Qb3 Ne5 17. Bf1 Rb8 18. f4 c4 19. Qb4 Nd3 20. Bxd3 cxd3 21. Rad1 b5
22. axb5 a5 23. Qa3 Qb6+ 24. Kh1 Qf2 25. Rf1 Qc2 26. Qxd6 Bf8 27. Qc7 a4 28. f5
Rb7 29. Qc6 Rbe7 30. d6 Bb7 31. dxe7 Bxc6 32. exf8=Q+ Rxf8 33. bxc6 a3 34. Bd6
axb2 35. Bxf8 Kxf8 36. Nb1 Ke7 37. fxg6 hxg6 38. Rd2 Qxc6 39. Rxd3 Qxe4 40. Rb3
f5 41. Rxb2 g5 42. Rbf2 f4 43. Nd2 Qh7 44. Re1+ Kf8 45. Nf1 Qh4 46. Ree2 Kg7
47. Nh2 Qh8 48. Re7+ Kg6 49. Rfe2 Qc3 50. Ng4 f3 51. R2e6+ Kf5 52. Nh6+ Kf4 53.
Rf7+ 1-0

[Event "CCC 2021 IM"]
[Site "Ballerup"]
[Date "2021.08.07"]
[Round "7"]
[White "Brondt, Nicolai Kvist"]
[Black "Jepson, Christian"]
[Result "0-1"]
[WhiteElo "2270"]
[BlackElo "2389"]
[PlyCount "96"]
[EventDate "2021.08.04"]
[EventType "tourn"]
[EventRounds "9"]
[EventCountry "DEN"]

1. d4 d6 2. Nf3 Nf6 3. c4 g6 4. g3 Bg7 5. Bg2 O-O 6. O-O c6 7. Nc3 Bf5 8. Ne1
e5 9. d5 cxd5 10. cxd5 a5 11. e4 Bd7 12. Nd3 Na6 13. a3 b5 14. b4 Qc7 15. Bd2
axb4 16. axb4 Rfc8 17. Qb1 h5 18. Rc1 Qd8 19. Bg5 Qf8 20. Ne2 Nh7 21. Be3 f5
22. Rxc8 Qxc8 23. Ra3 h4 24. f3 Nf6 25. Rc3 Qd8 26. Bg5 Qb6+ 27. Nf2 fxe4 28.
Be3 Qb7 29. fxe4 Ng4 30. Nxg4 Bxg4 31. Nc1 Rc8 32. Qb2 Bf6 33. h3 Bd7 34. g4
Bd8 35. Nd3 Rc4 36. Kf1 Bb6 37. Bxb6 Qxb6 38. Rxc4 bxc4 39. Ne1 Bb5 40. Qc3 Qd4
41. Qxd4 exd4 42. Nf3 c3+ 43. Ke1 d3 44. e5 dxe5 45. d6 e4 46. d7 Bxd7 47. Nd4
d2+ 48. Ke2 Ba4 0-1

[Event "CCC 2021 IM"]
[Site "Ballerup"]
[Date "2021.08.07"]
[Round "7"]
[White "Lindberg, Bengt"]
[Black "Sahl, Bjarke"]
[Result "1-0"]
[WhiteElo "2376"]
[BlackElo "2335"]
[PlyCount "61"]
[EventDate "2021.08.04"]
[EventType "tourn"]
[EventRounds "9"]
[EventCountry "DEN"]

1. e4 c5 2. Nf3 Nc6 3. d4 cxd4 4. Nxd4 e6 5. Nc3 Qc7 6. Be3 a6 7. Qf3 d6 8. g4
Bd7 9. O-O-O Nxd4 10. Bxd4 Bc6 11. Qe3 b5 12. Nd5 Qb7 13. Bg2 e5 14. Bc3 a5 15.
f4 b4 16. Be1 Nf6 17. g5 Nd7 18. Bg3 a4 19. Kb1 Ra5 20. Bh3 exf4 21. Bxd7+ Bxd7
22. Bxf4 Be6 23. Qd4 Rb5 24. Bxd6 Bxd6 25. Qxg7 Rf8 26. Nf6+ Ke7 27. Rxd6 Qc8
28. Rhd1 Rb8 29. Nxh7 b3 30. axb3 axb3 31. cxb3 1-0

[Event "CCC 2021 IM"]
[Site "Ballerup"]
[Date "2021.08.07"]
[Round "7"]
[White "Vesterli, Michael E"]
[Black "Kistrup, Nicolai"]
[Result "0-1"]
[WhiteElo "2207"]
[BlackElo "2250"]
[PlyCount "80"]
[EventDate "2021.08.04"]
[EventType "tourn"]
[EventRounds "9"]
[EventCountry "DEN"]

1. d4 Nf6 2. c4 e6 3. Nf3 d5 4. Bg5 dxc4 5. e4 b5 6. e5 h6 7. Bh4 g5 8. Nxg5
Bb4+ 9. Nc3 hxg5 10. Bxg5 Nbd7 11. Be2 Rg8 12. Bxf6 Nxf6 13. exf6 Qxf6 14. Bf3
Rb8 15. O-O Bd6 16. g3 Qh6 17. Bc6+ Ke7 18. Qf3 Rh8 19. h4 Ba6 20. Rfe1 Rbg8
21. Re4 b4 22. Nd5+ Kf8 23. Nf4 Bxf4 24. Rxf4 Qh5 25. Qe3 Rg4 26. Rxg4 Qxg4 27.
Qe5 Rxh4 28. Qa5 Rh6 29. Qxa6 Qxd4 30. Rc1 Rf6 31. Rf1 e5 32. Qb5 Kg7 33. Bd5
c3 34. bxc3 bxc3 35. Kg2 c2 36. Bb3 c1=Q 37. Rxc1 Qxf2+ 38. Kh3 Rh6+ 39. Kg4
Rg6+ 40. Kh3 Qxg3# 0-1

[Event "CCC 2021 IM"]
[Site "Ballerup"]
[Date "2021.08.08"]
[Round "8"]
[White "Thogersen, Rasmus"]
[Black "Vesterli, Michael E"]
[Result "1-0"]
[WhiteElo "2283"]
[BlackElo "2207"]
[PlyCount "117"]
[EventDate "2021.08.04"]
[EventType "tourn"]
[EventRounds "9"]
[EventCountry "DEN"]

1. e4 c5 2. Nc3 Nc6 3. Bb5 Nd4 4. Nf3 Nxb5 5. Nxb5 g6 6. d4 Qa5+ 7. Nc3 Bg7 8.
e5 cxd4 9. Qxd4 d6 10. Bf4 Bg4 11. O-O-O Bxf3 12. gxf3 Bxe5 13. Bxe5 Qxe5 14.
Qb4 O-O-O 15. Nd5 Rd7 16. Rhe1 Qg7 17. Re3 e6 18. Qa5 Kb8 19. Qb5 Rd8 20. Rb3
f5 21. Nb4 Ka8 22. Ra3 Ne7 23. Kb1 Nc8 24. f4 Qc7 25. Re3 Rhe8 26. Nd5 Qf7 27.
Rde1 Kb8 28. c4 h6 29. a3 g5 30. Nb4 Ka8 31. Nd5 Kb8 32. Ka2 gxf4 33. Nxf4 e5
34. Nd5 Ne7 35. Nb4 Ka8 36. f4 e4 37. Rb3 Rc8 38. Nc2 Ng6 39. Ne3 a6 40. Qxf5
Qxf5 41. Nxf5 Rc6 42. Rbe3 Nxf4 43. Rxe4 Rxe4 44. Rxe4 Nd3 45. b4 b5 46. cxb5
axb5 47. Rd4 Ne5 48. Nxd6 Rc2+ 49. Kb3 Rxh2 50. Nxb5 Rh3+ 51. Nc3 h5 52. b5 Kb7
53. a4 Kb6 54. Rd6+ Kc7 55. Rd5 Re3 56. Rd4 Nf3 57. Rf4 Kd6 58. a5 h4 59. a6
1-0

[Event "CCC 2021 IM"]
[Site "Ballerup"]
[Date "2021.08.08"]
[Round "8"]
[White "Akdag, Dara Sevkan"]
[Black "Ramsdal, Jens Albert"]
[Result "0-1"]
[WhiteElo "2231"]
[BlackElo "2253"]
[PlyCount "88"]
[EventDate "2021.08.04"]
[EventType "tourn"]
[EventRounds "9"]
[EventCountry "DEN"]

1. f4 d5 2. b3 Nf6 3. Bb2 c5 4. Nf3 g6 5. e3 Bg7 6. Bb5+ Bd7 7. Be2 O-O 8. O-O
Nc6 9. Ne5 Qc7 10. Bf3 Rfd8 11. d3 d4 12. Nxd7 Nxd7 13. Bxc6 Qxc6 14. e4 b5 15.
Nd2 Nb6 16. Nf3 a5 17. Ng5 h6 18. Nh3 e6 19. Nf2 a4 20. Rb1 axb3 21. axb3 Ra2
22. h4 c4 23. h5 Kh7 24. Ng4 Qc5 25. Ne5 Bxe5 26. fxe5 Rd7 27. hxg6+ fxg6 28.
Rf6 Qxe5 29. Qf3 c3 30. Bc1 Raa7 31. Rf4 g5 32. Qh5 Rg7 33. Rf3 Nd7 34. g3 Nf6
35. Qh3 b4 36. Rf2 Kg6 37. Bf4 gxf4 38. Rbf1 f3 39. Rxf3 Kh7 40. Kh1 Qh5 41.
Kg2 Qxh3+ 42. Kxh3 Ng4 43. Rf8 Ne3 44. R1f6 Ra1 0-1

[Event "CCC 2021 IM"]
[Site "Ballerup"]
[Date "2021.08.08"]
[Round "8"]
[White "Jepson, Christian"]
[Black "Sorensen, Hampus"]
[Result "1-0"]
[WhiteElo "2389"]
[BlackElo "2382"]
[PlyCount "125"]
[EventDate "2021.08.04"]
[EventType "tourn"]
[EventRounds "9"]
[EventCountry "DEN"]

1. Nf3 d5 2. c4 c6 3. g3 Nf6 4. Bg2 Bg4 5. Qb3 Qb6 6. d3 Nbd7 7. Be3 Qxb3 8.
axb3 a6 9. Nc3 e6 10. h3 Bh5 11. Rc1 Be7 12. g4 Bg6 13. Nh4 O-O 14. d4 Ne8 15.
Nxg6 hxg6 16. h4 Nd6 17. Bf4 Nf6 18. Bf3 Rad8 19. c5 Nb5 20. e3 Nd7 21. b4 f6
22. Bg3 Kf7 23. Ra1 Na7 24. Be2 Ra8 25. Kd2 e5 26. Bd3 Rh8 27. Bc2 exd4 28.
exd4 Nb5 29. Nxb5 axb5 30. Ke2 Ra6 31. Rxa6 bxa6 32. h5 gxh5 33. Bf5 Nf8 34.
gxh5 Bd8 35. Kd3 Rh6 36. Bf4 Rh8 37. Bd6 Rh6 38. Bxf8 Kxf8 39. Bg6 Ke7 40. Ra1
f5 41. Rxa6 Kd7 42. Ra7+ Bc7 43. Bxf5+ Kd8 44. Bg6 Kc8 45. Ra8+ Bb8 46. Ra6 Kd7
47. Ke3 Rh8 48. f4 Rf8 49. f5 Bc7 50. Kf3 Bd8 51. Ra7+ Bc7 52. Kg4 Kc8 53. Ra8+
Bb8 54. Ra6 Kb7 55. Rb6+ Kc7 56. Kg5 Ba7 57. Ra6 Kb7 58. Rxa7+ Kxa7 59. h6
gxh6+ 60. Kxh6 Rh8+ 61. Kg7 Rh4 62. f6 Rxd4 63. f7 1-0

[Event "CCC 2021 IM"]
[Site "Ballerup"]
[Date "2021.08.08"]
[Round "8"]
[White "Lindberg, Bengt"]
[Black "Brondt, Nicolai Kvist"]
[Result "1-0"]
[WhiteElo "2376"]
[BlackElo "2270"]
[PlyCount "81"]
[EventDate "2021.08.04"]
[EventType "tourn"]
[EventRounds "9"]
[EventCountry "DEN"]

1. e4 c5 2. Nf3 e6 3. d4 cxd4 4. Nxd4 Nc6 5. Nc3 Qc7 6. Be3 a6 7. Be2 b5 8. O-O
Bb7 9. a3 Nf6 10. f4 Nxd4 11. Qxd4 Rc8 12. Kh1 Bc5 13. Qd3 O-O 14. Rad1 d5 15.
exd5 Nxd5 16. Nxd5 Bxd5 17. Bxc5 Qxc5 18. c3 Rfd8 19. Bf3 Rd6 20. Qd4 Qc6 21.
Bxd5 Rxd5 22. Qa7 Ra8 23. Rxd5 Qxd5 24. Qb6 g6 25. h3 h5 26. Kh2 Kg7 27. Rf2 a5
28. Re2 Qc4 29. Rf2 a4 30. Qd6 Rc8 31. Qe5+ f6 32. Qd6 Qc6 33. Qe7+ Kh6 34.
Qxf6 Qd6 35. Qg5+ Kg7 36. Qxb5 Rb8 37. Qxa4 g5 38. Qa5 gxf4 39. Qg5+ Kh7 40.
Qxh5+ Kg7 41. Qg5+ 1-0

[Event "CCC 2021 IM"]
[Site "Ballerup"]
[Date "2021.08.08"]
[Round "8"]
[White "Sahl, Bjarke"]
[Black "Kistrup, Nicolai"]
[Result "1-0"]
[WhiteElo "2335"]
[BlackElo "2250"]
[PlyCount "77"]
[EventDate "2021.08.04"]
[EventType "tourn"]
[EventRounds "9"]
[EventCountry "DEN"]

1. d4 Nf6 2. c4 e6 3. Nc3 Bb4 4. Qc2 d5 5. cxd5 exd5 6. a3 Ba5 7. Nf3 Ne4 8. b4
Nxc3 9. Qxc3 Bb6 10. a4 a5 11. b5 O-O 12. e3 Bf5 13. Bd3 Bxd3 14. Qxd3 Nd7 15.
Ba3 Re8 16. O-O Re6 17. Qf5 Nf6 18. Ng5 Re8 19. Rfc1 Qd7 20. Qxd7 Nxd7 21. Rc2
f5 22. g3 h6 23. Nf3 g5 24. Kg2 f4 25. exf4 gxf4 26. Rd1 fxg3 27. hxg3 Re6 28.
Bc1 Rc8 29. Bf4 c6 30. Ne5 Nxe5 31. Bxe5 Bc7 32. f4 Bxe5 33. dxe5 Kf7 34. Rxd5
cxd5 35. Rxc8 Re7 36. Rd8 Ke6 37. Rd6+ Kf5 38. Kf3 Rf7 39. g4# 1-0

[Event "CCC 2021 IM"]
[Site "Ballerup"]
[Date "2021.08.08"]
[Round "9"]
[White "Kistrup, Nicolai"]
[Black "Thogersen, Rasmus"]
[Result "0-1"]
[WhiteElo "2250"]
[BlackElo "2283"]
[PlyCount "56"]
[EventDate "2021.08.04"]
[EventType "tourn"]
[EventRounds "9"]
[EventCountry "DEN"]

1. d4 Nf6 2. c4 g6 3. Nc3 Bg7 4. e4 O-O 5. Be2 d6 6. Be3 Na6 7. Qd2 e5 8. d5
Nc5 9. Bf3 a5 10. h4 h5 11. Nh3 Ng4 12. Bxc5 dxc5 13. g3 Bh6 14. Qe2 Nf6 15.
Kd1 a4 16. Kc2 c6 17. Bg2 cxd5 18. cxd5 Bd7 19. Nb5 Qa5 20. Na3 b5 21. Rad1 c4
22. Kb1 Rfc8 23. Ng5 c3 24. Rc1 b4 25. Nc2 cxb2 26. Rcd1 a3 27. Rd2 b3 28. Ne3
Qc3 0-1

[Event "CCC 2021 IM"]
[Site "Ballerup"]
[Date "2021.08.08"]
[Round "9"]
[White "Vesterli, Michael E"]
[Black "Akdag, Dara Sevkan"]
[Result "1-0"]
[WhiteElo "2207"]
[BlackElo "2231"]
[PlyCount "53"]
[EventDate "2021.08.04"]
[EventType "tourn"]
[EventRounds "9"]
[EventCountry "DEN"]

1. d4 d5 2. c4 e6 3. Nf3 Nf6 4. Bg5 Be7 5. Nc3 O-O 6. e3 c6 7. Qc2 Nbd7 8.
O-O-O a5 9. h4 a4 10. Kb1 dxc4 11. Bxc4 b5 12. Bd3 Qa5 13. Ne5 Qb6 14. Bxh7+
Kh8 15. Bg6 b4 16. Nxa4 Rxa4 17. Qxa4 Nxe5 18. dxe5 fxg6 19. exf6 gxf6 20. Bh6
Rg8 21. g4 e5 22. g5 Bf5+ 23. Ka1 b3 24. a3 Qb7 25. Qc4 Ra8 26. Qf7 Bb4 27.
Rd8+ 1-0

[Event "CCC 2021 IM"]
[Site "Ballerup"]
[Date "2021.08.08"]
[Round "9"]
[White "Ramsdal, Jens Albert"]
[Black "Jepson, Christian"]
[Result "0-1"]
[WhiteElo "2253"]
[BlackElo "2389"]
[PlyCount "110"]
[EventDate "2021.08.04"]
[EventType "tourn"]
[EventRounds "9"]
[EventCountry "DEN"]

1. d4 d6 2. e4 g6 3. Nc3 Bg7 4. Be3 a6 5. Qd2 b5 6. a3 Nd7 7. Nf3 Bb7 8. Be2
Ngf6 9. e5 Nd5 10. Bh6 O-O 11. h4 Nxc3 12. bxc3 f6 13. h5 g5 14. Bxg5 fxg5 15.
h6 Bf6 16. exf6 exf6 17. Bd3 Re8+ 18. Kf1 Nf8 19. Rh3 Be4 20. Bxe4 Rxe4 21. d5
Qd7 22. Nd4 Rae8 23. Rf3 Qf7 24. Nf5 Ng6 25. g3 Ne5 26. Rd3 Nxd3 27. cxd3 R4e5
28. Ne3 Rxe3 29. fxe3 Qxd5 30. Kf2 g4 31. Qa2 Qxa2+ 32. Rxa2 Re5 33. a4 Rh5 34.
Kg2 Kf7 35. axb5 axb5 36. d4 Ke6 37. Ra5 c6 38. c4 d5 39. cxb5 cxb5 40. Rxb5
Rxh6 41. Rb6+ Kf5 42. Rd6 Ke4 43. Re6+ Kd3 44. e4 dxe4 45. d5 Rh5 46. d6 Rd5
47. Rxf6 h5 48. Rf1 Ke2 49. Rf2+ Ke3 50. Rf6 Rd1 51. Kh2 Ke2 52. Kg2 e3 53. Re6
Rd3 54. Kh2 Kd2 55. Kg2 e2 0-1

[Event "CCC 2021 IM"]
[Site "Ballerup"]
[Date "2021.08.08"]
[Round "9"]
[White "Sorensen, Hampus"]
[Black "Lindberg, Bengt"]
[Result "1-0"]
[WhiteElo "2382"]
[BlackElo "2376"]
[PlyCount "135"]
[EventDate "2021.08.04"]
[EventType "tourn"]
[EventRounds "9"]
[EventCountry "DEN"]

1. d4 Nf6 2. c4 e6 3. Nf3 b6 4. a3 Bb7 5. Nc3 d5 6. Bg5 Be7 7. Qa4+ Qd7 8. Qc2
c5 9. cxd5 exd5 10. e3 O-O 11. Bd3 h6 12. Bh4 Nc6 13. O-O cxd4 14. exd4 Qd8 15.
Rad1 g5 16. Bg3 Nh5 17. Ne5 Nxg3 18. Nxc6 Bxc6 19. fxg3 Bf6 20. Qf2 Kg7 21. Bb1
Qd6 22. g4 Rae8 23. Ne2 Rxe2 24. Qxe2 Re8 25. Qf2 Bd7 26. h3 a5 27. Rfe1 Rb8
28. Qc2 Kf8 29. Qh7 Bg7 30. Rf1 Be8 31. Kh1 Rc8 32. Rde1 Qb8 33. Bd3 Rc7 34.
Re6 Rc6 35. Rxe8+ Qxe8 36. Bb5 Qe6 37. Bxc6 Qxc6 38. Qf5 Qb7 39. Qe6 a4 40.
Qd6+ Kg8 41. Qd8+ Kh7 42. Qe8 Kg6 43. Qxa4 Kh7 44. Qe8 Kg6 45. Qe3 Kh7 46. a4
Qd7 47. b3 Kg8 48. Qd3 Qc7 49. Qf5 Bxd4 50. Qxd5 Be3 51. g3 Kg7 52. b4 Bc1 53.
a5 bxa5 54. bxa5 Be3 55. a6 Ba7 56. Re1 Qb6 57. Rf1 Qc7 58. h4 gxh4 59. gxh4
Kf8 60. g5 hxg5 61. hxg5 Kg7 62. Re1 Qb6 63. Qe5+ Kg8 64. Qe8+ Kg7 65. Qe5+ Kg8
66. Qf6 Qb5 67. Qf3 Qd7 68. g6 1-0

[Event "CCC 2021 IM"]
[Site "Ballerup"]
[Date "2021.08.08"]
[Round "9"]
[White "Brondt, Nicolai Kvist"]
[Black "Sahl, Bjarke"]
[Result "1/2-1/2"]
[WhiteElo "2270"]
[BlackElo "2335"]
[PlyCount "122"]
[EventDate "2021.08.04"]
[EventType "tourn"]
[EventRounds "9"]
[EventCountry "DEN"]

1. d4 Nf6 2. c4 e6 3. Nf3 d5 4. g3 Bb4+ 5. Bd2 c5 6. Bg2 Nc6 7. Bxb4 cxb4 8.
Nbd2 O-O 9. O-O Ne4 10. Nxe4 dxe4 11. Ne5 Nxd4 12. Bxe4 f6 13. Nf3 Nc6 14. Qxd8
Rxd8 15. Rfd1 Re8 16. Bxc6 bxc6 17. Rd6 e5 18. Rad1 c5 19. Rc6 e4 20. Ne1 Be6
21. b3 Kf7 22. Rc7+ Kf8 23. Ng2 Rad8 24. Rxd8 Rxd8 25. Nf4 Bf7 26. Rxc5 Rd2 27.
Rc8+ Ke7 28. Rc7+ Ke8 29. Rxa7 g5 30. Nd5 Bxd5 31. cxd5 Rxe2 32. g4 Re1+ 33.
Kg2 e3 34. fxe3 Rxe3 35. Rxh7 Rd3 36. Rb7 Rxd5 37. Rxb4 Rd2+ 38. Kg3 Rxa2 39.
Re4+ Kf7 40. Re3 Rb2 41. h3 Kg6 42. Rc3 f5 43. gxf5+ Kxf5 44. Kf3 Kg6 45. Ke4
Kh5 46. Kf5 Rf2+ 47. Ke5 Rb2 48. Rf3 Rb1 49. Kd4 Kh4 50. Ke4 Rb2 51. Rd3 Rb1
52. Kd5 Rh1 53. b4 Rxh3 54. Rxh3+ Kxh3 55. b5 g4 56. b6 g3 57. b7 g2 58. b8=Q
g1=Q 59. Qh8+ Kg2 60. Qg7+ Kh1 61. Qxg1+ Kxg1 1/2-1/2